|
|
|
|
| LEADER |
01128nam a2200301 4500 |
| 001 |
000004572 |
| 003 |
711 |
| 005 |
20110722150759.0 |
| 008 |
110722s1976 viesd |
| 020 |
|
|
|c 20000
|
| 041 |
0 |
|
|a vie
|
| 082 |
|
|
|a 891.71
|b HOA
|
| 100 |
1 |
|
|a Hoàng Ngọc Hiến
|
| 245 |
1 |
0 |
|a Maiacôpxki con người, cuộc đời và thơ
|b Tuyển dịch thơ, văn, kịch
|c Hoàng Ngọc Hiến
|
| 260 |
|
|
|a H.
|b Đại học và trung học chuên nghiệp
|c 1976
|
| 300 |
|
|
|a 603 tr.
|b ảnh
|c 19 cm.
|
| 500 |
|
|
|a Giới thiệu về con người, cuộc đời và thơ văn của Maiacôpxki: tuyển dịch thơ văn, kịch của ông, đặc biệt là thơ trữ tình và thơ trào phúng, những bài tiểu luận, bài báo, bài phát biểu ý kiến của Maiacôpxki
|
| 653 |
|
|
|a Văn học Xô Viết
|
| 653 |
|
|
|a Maiacôpxki, Vladimia, 1893-1930
|
| 910 |
|
|
|a Thi
|d 14/7/2011
|
| OWN |
|
|
|a LSP
|
| 999 |
|
|
|a From the UDN01
|
| TYP |
|
|
|a Monograph
|
| TYP |
|
|
|a Printed language
|
| 980 |
|
|
|a Mạng thư viện Đại học Đà Nẵng
|